| 000 | 00595nam a2200205Ia 4500 | ||
|---|---|---|---|
| 003 | IN-BaIIA | ||
| 008 | 211028s9999 xx 000 0 eng d | ||
| 020 | _a978-0-471-29335-4 | ||
| 040 | _cIIA Library | ||
| 080 |
_a524.5 _bSPI |
||
| 100 |
_aSpitzer, Lyman _95802 |
||
| 245 | 0 |
_aPhysical processes in the interstellar medium _cLyman Spitzer |
|
| 260 |
_aWeinheim _bWiley-VCH Verlag Gmbh _c2004 |
||
| 300 | _axvii, 318p. | ||
| 650 |
_aInterstellar Matter _91189 |
||
| 650 | _aKinetic Equillibrium | ||
| 650 |
_alastic Collision _935583 |
||
| 650 |
_aRadiative Processes _919865 |
||
| 942 | _cBK | ||
| 999 |
_c18533 _d18533 |
||